[Event "WchT U26 fin-A"]
[Site "Caracas"]
[Date "1976.??.??"]
[Round "4"]
[White "Christiansen, Larry Mark"]
[Black "Schauwecker, Meinrad"]
[Result "1/2-1/2"]
[WhiteElo "2400"]
[BlackElo "2340"]

1.g3 g6 2.Bg2 Bg7 3.Nc3 e5 4.d3 Ne7 5.e4 d6 6.Nge2 O-O 7.O-O Nbc6 8.Be3 Nd4
9.Qd2 c6 10.f4 Be6 11.Rf2 Qd7 12.Raf1 f5 13.fxe5 dxe5 14.Nc1 Rf7 15.Bh6 Raf8
16.Bxg7 Kxg7 17.Nb3 Bxb3 18.axb3 f4 19.gxf4 exf4 20.Rxf4 Rxf4 21.Rxf4 Rxf4
22.Qxf4 Nxc2 23.Qe5+ Kf7 24.Qf4+  1/2-1/2

[Event "Lone Pine"]
[Site "Lone Pine"]
[Date "1976.??.??"]
[Round "3"]
[White "Christiansen, Larry Mark"]
[Black "Najdorf, Miguel"]
[Result "1/2-1/2"]
[WhiteElo "2400"]
[BlackElo "2510"]

1.e4 c5 2.Nc3 e6 3.Nf3 d6 4.d4 cxd4 5.Qxd4 a6 6.Bg5 Qc7 7.O-O-O Nc6 8.Qd2 Nf6
9.Bxf6 gxf6 10.Kb1 Bd7 11.Be2 O-O-O 12.Ne1 h5 13.h4 Kb8 14.Rh3 Qa5 15.Rg3 Be7
16.a3 Ne5 17.f4 Ng6 18.Rh3 f5 19.b4 Qb6 20.exf5 Nxh4 21.fxe6 fxe6 22.g4 hxg4
23.Bxg4 a5 24.Qe3 Qxe3 25.Rxe3 axb4 26.axb4 Rh6 27.Nd3 Rg8 28.Bh3 Ng2 29.Rg1 Nxe3
30.Rxg8+ Kc7 31.Rg3 Nf1 32.Bxf1 Rh1 33.Ka2 Rxf1 34.Kb3 Bf6 35.Rg6 Bh8 36.Rh6 Bg7
37.Rg6  1/2-1/2

[Event "Lone Pine"]
[Site "Lone Pine"]
[Date "1976.??.??"]
[Round "4"]
[White "Panno, Oscar"]
[Black "Christiansen, Larry Mark"]
[Result "1/2-1/2"]
[WhiteElo "2520"]
[BlackElo "2400"]

1.Nf3 d6 2.d4 Nf6 3.g3 Bg4 4.Bg2 Nbd7 5.h3 Bxf3 6.Bxf3 c6 7.e4 e5 8.O-O Be7
9.Nc3 O-O 10.b3 Re8 11.Bb2 Bf8 12.a4 Qa5 13.Re1 g6 14.Bg2 Bg7 15.Na2 Rad8
16.dxe5 dxe5 17.Qc1 h5 18.Bc3 Qc7 19.h4 Nc5 20.Qb2 a5 21.f3 Nh7 22.Rad1 Ne6
23.Nc1 Rxd1 24.Rxd1 Nd4 25.Be1 b5 26.c3 Ne6 27.Kh2 Bf8 28.axb5 cxb5 29.Bf1 b4
30.Bc4 Rd8 31.Rxd8 Nxd8 32.Nd3 Nc6 33.Kg2 Nf6 34.cxb4 Bxb4 35.Bxb4 axb4 36.Qa1 Kg7
37.Qa6 Nd7 38.Qb5 Qd6 39.Qd5 Qxd5 40.exd5 Nd4 41.Nxb4 Nc5 42.Nc6 Ndxb3 43.Nxe5 Na5
44.Ba2 Nab7 45.Nc4 Kf6 46.f4 Ne4 47.Ne3 Nbd6 48.Bb3 Ke7 49.g4 hxg4 50.Nxg4 f5
51.Ne5 Kf6 52.Nf3 Nb5 53.Kf1 Nbc3 54.Ke1 Ke7 55.Ne5 Kf6 56.Nc6 Kg7 57.Ne7 Kf6
58.Nc8 Nb5 59.Ba4 Nd4 60.d6 Ne6 61.d7 N4c5 62.Bb5 Nxd7 63.Bxd7 Nxf4 64.Kf2 g5
65.Kf3 Ng6 66.hxg5+ Kxg5  1/2-1/2

[Event "Lone Pine"]
[Site "Lone Pine"]
[Date "1976.??.??"]
[Round "5"]
[White "Rogoff, Kenneth"]
[Black "Christiansen, Larry Mark"]
[Result "1/2-1/2"]
[WhiteElo "2480"]
[BlackElo "2400"]

1.d4 Nf6 2.c4 e6 3.Nf3 d5 4.Nc3 Nbd7 5.e3 Be7 6.b3 O-O 7.Bd3 b6 8.O-O Bb7
9.Bb2 Ne4 10.Qe2 a5 11.Rac1 Ndf6 12.Ne5 Nxc3 13.Bxc3 Ne4 14.Ba1 f6 15.Nf3 a4
16.Rfd1 axb3 17.axb3 Ba3  1/2-1/2

[Event "Hoogovens-B"]
[Site "Wijk aan Zee"]
[Date "1976.??.??"]
[Round "1"]
[White "Westerinen, Heikki MJ"]
[Black "Christiansen, Larry Mark"]
[Result "0-1"]
[WhiteElo "2485"]
[BlackElo "2400"]

1.e4 c6 2.d4 d5 3.Nc3 dxe4 4.Nxe4 Nd7 5.Nf3 Ngf6 6.Ng3 e6 7.Be2 c5 8.O-O cxd4
9.Qxd4 Be7 10.Bf4 O-O 11.c4 b6 12.Ne4 Bb7 13.Nc3 Rc8 14.Rad1 Nc5 15.Nb5 Nce4
16.Nxa7 Bc5 17.Qe5 Qe8 18.Nxc8 Ng4 19.Qc7 Ngxf2 20.Rd4 Qxc8 21.b4 Bxb4 22.Qxc8 Rxc8
23.Rxf2 Nxf2 24.Kxf2 Bc5 25.Be3 Bxd4 26.Bxd4 Ra8 27.Bxb6 Rxa2 28.Ke3 f6 29.Ne1 Kf7
30.g3 Ba6 31.Bd4 Ra4 32.Nf3 Bxc4 33.Bxc4 Rxc4 34.h4 Ra4 35.Bc5 e5 36.Nd2 Ke6
37.Ne4 Kf5 38.Nf2 Rc4 39.g4+ Ke6 40.Bf8 Kf7 41.Bd6 h5 42.Kf3 hxg4+ 43.Nxg4 Ke6
44.Bf8 Kf7 45.Bd6 Rc3+ 46.Kg2 Ke6 47.Bb8 Rc8 48.Ba7 f5 49.Nf2 Rc4 50.Kg3 Rc3+
51.Kg2 g6 52.Bb8 Rb3 53.Bc7 f4 54.Bd8 Kf5 55.Bg5 e4 56.Nh3 Rg3+ 57.Kh2 e3
58.Ng1 Kg4 59.Kh1 f3 60.Bxe3 Kxh4  0-1

[Event "Hoogovens-B"]
[Site "Wijk aan Zee"]
[Date "1976.??.??"]
[Round "2"]
[White "Christiansen, Larry Mark"]
[Black "Kushnir, Alla"]
[Result "1/2-1/2"]
[WhiteElo "2400"]
[BlackElo "2365"]

1.c4 f5 2.Nf3 Nf6 3.d4 e6 4.g3 Bb4+ 5.Bd2 Bxd2+ 6.Qxd2 O-O 7.Bg2 Qe7 8.O-O d6
9.Nc3 c6 10.Rad1 Nbd7 11.d5 cxd5 12.cxd5 e5 13.Ng5 Ne8 14.Ne6 Rf6 15.f4 Nf8
16.fxe5 dxe5 17.Nxf8 Qxf8 18.e4 Nd6 19.Rde1 Bd7 20.exf5 Bxf5 21.Ne4 Bxe4
22.Rxf6 Qxf6 23.Bxe4 Rf8 24.Bg2 Nf5 25.Rf1 Qb6+ 26.Qf2 Nxg3 27.Qxb6 Ne2+
28.Kh1 axb6 29.d6 Rxf1+ 30.Bxf1 Nd4 31.d7 Nc6 32.Kg2 Kf7 33.Kf3 Ke7 34.Bh3 Nb4
35.Ke4 Nxa2 36.Kxe5 Nb4 37.Bf5 Nc6+ 38.Kf4 g6 39.Be4 Kxd7 40.Kg5 Nd8 41.Kh6  1/2-1/2

[Event "Hoogovens-B"]
[Site "Wijk aan Zee"]
[Date "1976.??.??"]
[Round "6"]
[White "Christiansen, Larry Mark"]
[Black "Bellin, Robert"]
[Result "0-1"]
[WhiteElo "2400"]
[BlackElo "2360"]

1.Nf3 e6 2.g3 f5 3.Bg2 Nf6 4.O-O Be7 5.d4 O-O 6.c4 d6 7.b3 a5 8.Nc3 Na6 9.Ba3 c6
10.e3 Rb8 11.Qe2 Qe8 12.Nd2 b5 13.Bb2 d5 14.cxb5 cxb5 15.Rac1 a4 16.Nf3 a3
17.Ba1 Rb6 18.Ne5 Nb8 19.Nd3 Rc6 20.b4 Na6 21.Nc5 Nxb4 22.Qxb5 Na6 23.Nb1 Nxc5
24.dxc5 Ba6 25.Qa5 Bxf1 26.Bxf1 Qa8 27.Qb4 Rfc8 28.Bd4 Ne4 29.Nxa3 e5 30.Bxe5 Bxc5
31.Qb3 Bxa3 32.Rxc6 Rxc6 33.Qxd5+ Kh8 34.Qd7 Nf6 35.Qxf5 Qc8 36.Qg5 Qf8 37.Bd3 Qf7
38.Qf5 Rc1+ 39.Kg2 Qd5+ 40.f3 Qxa2+ 41.Kh3 Qf7 42.Bxf6 gxf6 43.Qa5 Bf8 44.Bf5 Rc5  0-1

[Event "Hoogovens-B"]
[Site "Wijk aan Zee"]
[Date "1976.??.??"]
[Round "7"]
[White "Marcus, Joost"]
[Black "Christiansen, Larry Mark"]
[Result "0-1"]
[WhiteElo "2365"]
[BlackElo "2400"]

1.Nf3 c5 2.c4 g6 3.g3 Bg7 4.Bg2 Nc6 5.Nc3 Nh6 6.h4 d6 7.h5 Bg4 8.d3 Qd7 9.Bxh6 Bxh6
10.hxg6 hxg6 11.Qc1 Bg7 12.Rxh8+ Bxh8 13.Qh6 O-O-O 14.O-O-O Nd4 15.Qf4 Bxf3
16.exf3 f5 17.Qe3 Bf6 18.Rh1 g5 19.Rh7 Kb8 20.f4 gxf4 21.Qxf4 Rg8 22.Qe3 f4
23.Qe1 f3 24.Bh3 Qc6 25.Be6 Rf8 26.Bd5 Qd7 27.Qe4 Be5 28.Qh4 Ne2+ 29.Nxe2 fxe2
30.Kd2 Qa4 31.Qh1 Qb4+ 32.Kxe2 Qxb2+ 33.Kd1 Rxf2  0-1

[Event "Hoogovens-B"]
[Site "Wijk aan Zee"]
[Date "1976.??.??"]
[Round "10"]
[White "Ligterink, Gert"]
[Black "Christiansen, Larry Mark"]
[Result "1/2-1/2"]
[WhiteElo "2400"]
[BlackElo "2400"]

1.e4 c6 2.d4 d5 3.exd5 cxd5 4.c4 Nf6 5.Nc3 Nc6 6.Nf3 Bg4 7.cxd5 Nxd5 8.Qb3 Bxf3
9.gxf3 Nb6 10.d5 Nd4 11.Qd1 e5 12.dxe6 Qf6 13.f4 Qxe6+ 14.Be3 Rd8 15.Bg2 Nf5
16.Qe2 Nxe3 17.Qxe3 Bc5 18.Qxe6+ fxe6 19.O-O O-O 20.Ne4 Be7 21.Ng5 Bxg5 22.fxg5 Rd2
23.Bh3 Kf7 24.b3 Kg6 25.Bxe6 Kxg5 26.b4 Rf4 27.a3 Kf6 28.Bg8 Rd8 29.Bb3 Rd3
30.Bg8 Rh3 31.f3 Rd4 32.Kg2 Rh5 33.Rad1 Rdh4 34.Rh1 Nc4 35.Bxc4 Rxc4 36.Rd7 Rc2+
37.Kg3 Rg5+ 38.Kf4 Rf5+ 39.Kg3 Rc3 40.Rf1 Rxa3 41.Rxb7  1/2-1/2

[Event "Hoogovens-B"]
[Site "Wijk aan Zee"]
[Date "1976.??.??"]
[Round "11"]
[White "Christiansen, Larry Mark"]
[Black "Szmetan, Jorge"]
[Result "1/2-1/2"]
[WhiteElo "2400"]
[BlackElo "2450"]

1.e4 e5 2.Nf3 Nf6 3.d3 Nc6 4.g3 d5 5.exd5 Nxd5 6.Bg2 Bc5 7.O-O O-O 8.Nc3 Nxc3
9.bxc3 Bg4 10.h3 Bh5 11.Qe1 Re8 12.Qe4 Bb6 13.Nh4 Rb8 14.Bd2 Qe7 15.Kh1 Bg6
16.Nxg6 hxg6 17.f4 exf4 18.Qxf4 Qd7 19.Rae1 Rxe1 20.Rxe1 Re8 21.d4 Rxe1+
22.Bxe1 Ne7 23.Qe4 c6 24.Bf2 Nf5 25.g4 Nd6 26.Qe2 Qe6 27.Qxe6 fxe6 28.Be1 Kf7
29.Bf1 c5 30.dxc5 Bxc5 31.Kg2 e5 32.Kf3 g5 33.Bd3 Ke6 34.Bd2 Kf6 35.c4 b6
36.Be1 Ba3 37.h4 gxh4 38.Bxh4+ g5 39.Bf2 Bc5 40.Be1 Bd4 41.Bd2  1/2-1/2

[Event "Lone Pine"]
[Site "Lone Pine"]
[Date "1977.??.??"]
[Round "2"]
[White "Ervin, Roy C"]
[Black "Christiansen, Larry Mark"]
[Result "1/2-1/2"]
[WhiteElo "2200"]
[BlackElo "2460"]

1.Nf3 Nf6 2.d4 g6 3.g3 Bg7 4.Bg2 O-O 5.c4 d6 6.Nc3 Nbd7 7.O-O e5 8.Qc2 Re8
9.Rd1 c6 10.e4 Qb6 11.d5 c5 12.Rb1 Re7 13.Ne1 Nf8 14.Nd3 Qd8 15.b4 b6 16.bxc5 bxc5
17.Bd2 Ne8 18.Rb3 f5 19.f3 Nf6 20.Nf2 Rf7 21.Rdb1 h5 22.Qc1 Ba6 23.Ra3 Bc8
24.Nh3 N8h7 25.Ng5 Nxg5 26.Bxg5 Qf8 27.Rb2 Nh7 28.Bd2 f4 29.Ne2 g5 30.gxf4 gxf4
31.Be1 Ng5 32.Kh1 Bf6 33.Ng1 Qh6 34.Rab3 Bd7 35.Rb8+ Rxb8 36.Rxb8+ Kg7 37.Qa3 h4
38.Qxa7 h3 39.Bf1 Nxe4 40.Rb7 Be8 41.Rxf7+ Bxf7 42.Qd7 Ng5 43.Bxh3 Nxh3 44.Qxh3 Qxh3
45.Nxh3 Bg6 46.Nf2 Bh4 47.Kg2 Bxf2 48.Kxf2 Bd3 49.Ba5 Kf7 50.h4 Bxc4 51.h5 Bxa2
52.h6 Bb1 53.Ke2 Ke7 54.Kf2 c4 55.Bb4  1/2-1/2

[Event "Lone Pine"]
[Site "Lone Pine"]
[Date "1977.??.??"]
[Round "3"]
[White "Christiansen, Larry Mark"]
[Black "Olafsson, Helgi"]
[Result "1/2-1/2"]
[WhiteElo "2460"]
[BlackElo "2385"]

1.c4 Nf6 2.Nc3 e6 3.Nf3 d5 4.d4 c5 5.cxd5 Nxd5 6.e3 Nc6 7.Bd3 Be7 8.O-O cxd4
9.exd4 O-O 10.Re1 a6 11.Bc2 Nf6 12.a3 b5 13.Qd3 g6 14.Bh6 Re8 15.b4 Bb7 16.Rad1 a5
17.d5 Nxd5 18.Nxd5 exd5 19.Qxb5 Qc7 20.Qxd5 Bf8 21.Rxe8 Rxe8 22.Bxf8 Ne5
23.Qb3 Nxf3+ 24.gxf3 Kxf8 25.bxa5 Re5 26.Qb4+ Kg8 27.Be4 Bxe4 28.fxe4 Rxa5
29.Rd3 h5 30.Qd2 Qe5 31.Qc3 Qg5+ 32.Rg3 Qb5 33.Qb3 Qc6 34.Qd3 Ra4 35.Re3 Rc4
36.h3 Rc1+ 37.Kg2 Rc4  1/2-1/2

[Event "Lone Pine"]
[Site "Lone Pine"]
[Date "1977.??.??"]
[Round "4"]
[White "Biyiasas, Peter"]
[Black "Christiansen, Larry Mark"]
[Result "1-0"]
[WhiteElo "2435"]
[BlackElo "2460"]

1.c4 Nf6 2.Nc3 e6 3.Nf3 d5 4.d4 dxc4 5.e4 Bb4 6.Bg5 b5 7.a4 c6 8.e5 h6 9.Bh4 g5
10.Nxg5 Nd5 11.Qh5 Qc7 12.Ne4 Nd7 13.Be2 Bb7 14.O-O Nf4 15.Qg4 Ng6 16.axb5 h5
17.Qg3 Kf8 18.Bg5 h4 19.Qe3 cxb5 20.Bf3 a6 21.Nf6 Bxc3 22.bxc3 Nxf6 23.Bxf6 Rg8
24.Qh6+ Ke8 25.Qh7 Ne7 26.Bxb7 Qxb7 27.f3 h3 28.g3 Rg6 29.Bxe7 Kxe7 30.Qh4+ Kd7
31.Qxh3 Qd5 32.Ra5 Kc6 33.Qg2 Kb7 34.Rfa1 f6 35.Qc2 Qxf3 36.Qxg6 Qe3+ 37.Kf1 Qf3+
38.Ke1 fxe5 39.Qg7+ Kb6 40.Qxe5 Qh1+ 41.Kd2 Qxh2+ 42.Qe2 Qh6+ 43.Kc2 Qf6  1-0

[Event "Paul Masson op"]
[Site "?"]
[Date "1977.??.??"]
[Round "4"]
[White "Tarjan, James Edward"]
[Black "Christiansen, Larry Mark"]
[Result "1/2-1/2"]
[WhiteElo "2515"]
[BlackElo "2505"]

1.d4 Nf6 2.c4 e6 3.Nf3 Bb4+ 4.Nbd2 d5 5.e3 O-O 6.Bd3 b6 7.O-O Bb7 8.a3 Bxd2
9.Bxd2 Ne4 10.cxd5 exd5 11.b4 Nd7 12.b5 a6 13.a4 Re8 14.Qe2 axb5 15.axb5 Nf8
16.Bb4 Ne6 17.Rxa8 Bxa8 18.Rc1 f6 19.Qc2 g6 20.Nd2 f5 21.Nf3 f4 22.Qe2 Bb7
23.Ne5 Qg5 24.Re1 Kg7 25.g3 Ra8 26.h4 Qf6 27.gxf4 Ra4 28.Qb2 Qxh4 29.Bxe4 dxe4
30.d5 Rxb4 31.Qxb4 Bxd5 32.Ra1 Nxf4 33.exf4 e3 34.fxe3 Qh1+ 35.Kf2 Qxa1 36.Qe7+ Kh6  1/2-1/2

[Event "Golden Gate op"]
[Site "San Francisco"]
[Date "1977.??.??"]
[Round "?"]
[White "Christiansen, Larry Mark"]
[Black "Biyiasas, Peter"]
[Result "0-1"]
[WhiteElo "2460"]
[BlackElo "2435"]

1.Nf3 Nf6 2.d4 g6 3.Bg5 Bg7 4.Nbd2 d5 5.e3 O-O 6.Be2 c5 7.c3 cxd4 8.cxd4 Nc6
9.O-O Bf5 10.Qb3 Qb6 11.Rac1 Rfc8 12.Rc5 Qxb3 13.axb3 b6 14.Rc3 Nb4 15.Ra1 a5
16.Ne5 Kf8 17.Bb5 Ra7 18.Rac1 Rxc3 19.Rxc3 Ne8 20.Nc6 Nxc6 21.Bxc6 e5 22.Nf3 f6
23.Bh4 g5 24.Bg3 g4 25.Nh4 Be6 26.h3 Nd6 27.dxe5 fxe5 28.Rd3 Ne4 29.Bxd5 Nc5
30.Bxe6 Nxd3 31.hxg4 Nxb2 32.Nf5 Bh8 33.Bh4 b5 34.Bd8 Nd3 35.e4 a4 36.bxa4 bxa4
37.Bc4 a3 38.Ba2 Rb7 39.Bd5 Ra7 40.Ba2 Nc1 41.Bb6 Ra4 42.Bc5+ Ke8 43.Bd5 a2
44.Bc6+ Kd8 45.Bb6+ Kc8 46.Ne7+ Kb8  0-1

[Event "Hoogovens-B"]
[Site "Wijk aan Zee"]
[Date "1977.??.??"]
[Round "1"]
[White "Christiansen, Larry Mark"]
[Black "Kupreichik, Viktor D"]
[Result "0-1"]
[WhiteElo "2460"]
[BlackElo "2490"]

1.c4 e5 2.Nc3 Nc6 3.g3 g6 4.Bg2 Bg7 5.d3 d6 6.Rb1 Be6 7.b4 Qd7 8.Bd2 f5 9.b5 Nd8
10.Nh3 h6 11.f4 Ne7 12.O-O O-O 13.Nd5 e4 14.Nf2 Nxd5 15.cxd5 Bxd5 16.Qc2 Ne6
17.dxe4 Nd4 18.Qd3 fxe4 19.Nxe4 Bxa2 20.Rb4 c5 21.bxc6 Nxc6 22.Ra4 Be6 23.Bc3 Rad8
24.Bxg7 Qxg7 25.Nc3 Rf7 26.Nd5 Kh7 27.h4 h5 28.e4 Bd7 29.Raa1 a6 30.Rad1 Ne7
31.Nxe7 Bb5 32.Qd5 Bxf1 33.Rxf1 Rxe7 34.e5 Qg8 35.Qe4 Qe6 36.Qd3 Rdd7 37.f5 dxe5
38.Qe2 Qb6+ 39.Kh2 e4 40.Bxe4 Qd4 41.fxg6+ Kh6 42.g7 Kxg7  0-1

[Event "Hoogovens-B"]
[Site "Wijk aan Zee"]
[Date "1977.??.??"]
[Round "2"]
[White "Szmetan, Jorge"]
[Black "Christiansen, Larry Mark"]
[Result "1-0"]
[WhiteElo "2435"]
[BlackElo "2460"]

1.Nf3 Nf6 2.c4 e6 3.Nc3 Bb4 4.Qc2 O-O 5.a3 Bxc3 6.Qxc3 b6 7.g3 Bb7 8.Bg2 d6
9.O-O Nbd7 10.b4 Qe7 11.Bb2 c5 12.d3 d5 13.cxd5 Bxd5 14.b5 Rfc8 15.Rfc1 a6
16.a4 Ne8 17.Nd2 Bxg2 18.Kxg2 axb5 19.axb5 f6 20.Nc4 Nd6 21.Qb3 Nxc4 22.dxc4 Nf8
23.Qf3 Rab8 24.Ra6 Qb7 25.Rd1 Qxf3+ 26.Kxf3 Rc7 27.Rd6 Rcb7 28.g4 h6 29.Ke4 Kf7
30.f4 Ke7 31.Rc6 Nd7 32.h4 Rg8 33.f5 exf5+ 34.gxf5 Rd8 35.Re6+ Kf7 36.h5 Nf8
37.Raxb6 Rbd7 38.Bc3 Rd4+ 39.Bxd4 Rxd4+ 40.Ke3 Nxe6 41.Rb7+ Kf8 42.fxe6 Rxc4
43.Rf7+ Kg8 44.b6 Rb4 45.b7 Rb6 46.Rc7  1-0

[Event "Hoogovens-B"]
[Site "Wijk aan Zee"]
[Date "1977.??.??"]
[Round "3"]
[White "Christiansen, Larry Mark"]
[Black "Van der Vliet, Fred"]
[Result "1/2-1/2"]
[WhiteElo "2460"]
[BlackElo "2340"]

1.e4 c5 2.Nf3 d6 3.d4 cxd4 4.Nxd4 Nf6 5.Nc3 a6 6.f4 e6 7.Be2 Be7 8.O-O O-O
9.Be3 Qc7 10.a4 Nc6 11.Qe1 Bd7 12.Qg3 Nxd4 13.Bxd4 Bc6 14.Kh1 g6 15.f5 e5
16.Be3 Kh8 17.Bg5 gxf5 18.Qh4 Ng8 19.Rxf5 Bxg5 20.Rxg5 f6 21.Rf5 Rad8 22.Rd1 Qg7
23.Rdf1 d5 24.exd5 Bxd5 25.Nxd5 Rxd5 26.Bd3 Rd4 27.Qh3 e4 28.R5f4 f5 29.Qe3 Rxa4
30.b3 Ra1 31.Bc4 Ne7 32.Rxa1 Qxa1+ 33.Rf1 Qe5 34.Qb6 f4 35.Qxb7 a5 36.Re1 e3
37.Bd3 Rf6 38.Qe4 Qxe4 39.Bxe4 Re6 40.Bf3 Nf5 41.Bg4 Re5 42.Bxf5 Rxf5 43.Kg1 Rd5
44.g3 fxg3  1/2-1/2

[Event "Hoogovens-B"]
[Site "Wijk aan Zee"]
[Date "1977.??.??"]
[Round "4"]
[White "Hartoch, Robert G"]
[Black "Christiansen, Larry Mark"]
[Result "1/2-1/2"]
[WhiteElo "2405"]
[BlackElo "2460"]

1.e4 c5 2.Nc3 Nc6 3.g3 g6 4.Bg2 Bg7 5.d3 d6 6.Be3 e5 7.Qd2 Nd4 8.Nd5 Be6
9.c4 Nf6 10.Nxf6+ Bxf6 11.Ne2 h5 12.h4 Qd7 13.Nxd4 cxd4 14.Bg5 Bg7 15.Qa5 O-O
16.O-O Rfc8 17.a4 Rc6 18.Qe1 b6 19.b4 a6 20.b5 Rc7 21.Qb4 Rca7 22.Qb2 axb5
23.axb5 Ra4 24.Rxa4 Rxa4 25.Ra1 Qa7 26.Rxa4 Qxa4 27.Bf3 f6 28.Bd2 Bg4 29.Bxg4 hxg4
30.Qb1 f5 31.h5 fxe4 32.hxg6 exd3 33.Qxd3 Qa1+ 34.Kh2 Qa8 35.Qf5 Qf3 36.Qe6+ Kh8
37.Kg1 Qd1+ 38.Kh2 Qf3 39.Kg1  1/2-1/2

[Event "Hoogovens-B"]
[Site "Wijk aan Zee"]
[Date "1977.??.??"]
[Round "5"]
[White "Christiansen, Larry Mark"]
[Black "Van der Sterren, Paul"]
[Result "1/2-1/2"]
[WhiteElo "2460"]
[BlackElo "2375"]

1.e4 e6 2.d4 d5 3.Nd2 c5 4.Ngf3 Nc6 5.Bb5 a6 6.Bxc6+ bxc6 7.O-O Nf6 8.e5 Nd7
9.Nb3 cxd4 10.Qxd4 c5 11.Qg4 Qc7 12.Re1 Bb7 13.Bd2 a5 14.c4 a4 15.cxd5 Bxd5
16.Nc1 Qb7 17.Bc3 h5 18.Qf4 Be7 19.Ne2 Rh6 20.Ng3 Rg6 21.h4 Rg4 22.Qe3 g5
23.hxg5 h4 24.Nh2 Bxg5 25.Qe2 Rc4 26.Nf5 exf5 27.e6 Nf6 28.exf7+ Kxf7 29.Nf3 Bxf3
30.Qxc4+ Bd5 31.Qxc5 Rc8 32.Qd6 Bxg2 33.Bxf6 Bxf6 34.Re6 Be7 35.Rxe7+ Qxe7
36.Qxe7+ Kxe7 37.Kxg2 Rc2 38.Rb1 Kf6 39.a3 Kg5 40.b4 Kg4 41.b5 h3+ 42.Kg1 Kf3
43.b6 Rc8 44.b7 Rb8 45.Rb2 f4 46.Kh1 Kg4 47.Kh2 Kf3 48.Rb4 Kg4  1/2-1/2

[Event "Hoogovens-B"]
[Site "Wijk aan Zee"]
[Date "1977.??.??"]
[Round "8"]
[White "Bellon Lopez, Juan Manuel"]
[Black "Christiansen, Larry Mark"]
[Result "1/2-1/2"]
[WhiteElo "2415"]
[BlackElo "2460"]

1.e4 c6 2.d4 d5 3.Nc3 dxe4 4.Nxe4 Nd7 5.Bc4 Ngf6 6.Ng5 e6 7.Qe2 Nb6 8.Bd3 h6
9.N5f3 c5 10.dxc5 Nbd7 11.Ne5 Bxc5 12.Ngf3 Nxe5 13.Nxe5 O-O 14.O-O b6 15.b4 Bd6
16.Bb2 Bb7 17.a3 Qe7 18.f4 a5 19.b5 Rac8 20.Kh1 Rfd8 21.f5 Rc5 22.Rae1 Be4
23.Bd4 exf5 24.Bxc5 Qxe5 25.Bxd6 Rxd6 26.Bxe4 Nxe4 27.g4 g6 28.gxf5 gxf5
29.Rg1+ Rg6 30.Rg2 Kg7 31.c4 Kh7 32.Reg1 Rg5 33.Qe3 f4 34.Qd3 Qf5 35.Qf3 Rxg2
36.Qxg2 Ng3+ 37.hxg3 Qh5+ 38.Qh2 Qf3+ 39.Rg2 Qd1+  1/2-1/2

[Event "IBM-B"]
[Site "Amsterdam"]
[Date "1978.??.??"]
[Round "1"]
[White "Christiansen, Larry Mark"]
[Black "Taulbut, Shaun M"]
[Result "1-0"]
[WhiteElo "2490"]
[BlackElo "2405"]

1.c4 g6 2.d4 Bg7 3.e4 d6 4.Nc3 Nf6 5.Be2 O-O 6.Bg5 Nbd7 7.Qd2 c6 8.Nf3 e5
9.O-O Re8 10.Rfe1 Qb6 11.d5 cxd5 12.cxd5 Nc5 13.Bb5 Nfxe4 14.Rxe4 Nxe4 15.Nxe4 Qxb5
16.Nf6+ Kf8 17.Nxh7+ Kg8 18.Nf6+ Kf8 19.Re1 Bf5 20.g4 Bd3 21.Bh6 Rec8 22.Qg5 Qb4
23.a3 Qc4 24.h3 Rc7 25.Bxg7+ Kxg7 26.Nxe5 dxe5 27.Qxe5  1-0

[Event "IBM-B"]
[Site "Amsterdam"]
[Date "1978.??.??"]
[Round "2"]
[White "Van Wijgerden, Cornelis"]
[Black "Christiansen, Larry Mark"]
[Result "1-0"]
[WhiteElo "2435"]
[BlackElo "2490"]

1.e4 d5 2.exd5 Nf6 3.d4 Nxd5 4.Nf3 Bg4 5.Be2 e6 6.h3 Bh5 7.O-O Be7 8.c4 Nb6
9.Be3 Nc6 10.Nbd2 O-O 11.Rc1 Bg6 12.Nb3 Bf6 13.Bd3 a5 14.Bxg6 hxg6 15.Nc5 Nd7
16.Ne4 Re8 17.Qb3 Qb8 18.Rfd1 a4 19.Qc2 a3 20.b3 Be7 21.d5 Nb4 22.Qd2 exd5
23.cxd5 Bf8 24.Nc5 Bxc5 25.Bxc5 Nxc5 26.Rxc5 Na6 27.Ra5 Re4 28.Rxa3 Qf8 29.Ra5 b5
30.Rxb5 Rd8 31.Qc2 Qe8 32.Ra5 Rd6 33.Qd3 Nb8 34.Ra8 f5 35.Qc3 Qd8 36.Rd4 Rb6
37.Qc4 Rxd4 38.Nxd4 Kh7 39.Ne6 Qe7 40.Ra7 Nd7 41.Rxc7 Rd6 42.Qb5 Kh6  1-0

[Event "IBM-B"]
[Site "Amsterdam"]
[Date "1978.??.??"]
[Round "5"]
[White "Ligterink, Gert"]
[Black "Christiansen, Larry Mark"]
[Result "1/2-1/2"]
[WhiteElo "2440"]
[BlackElo "2490"]

1.e4 e5 2.Nf3 d6 3.Nc3 c5 4.Bc4 Nc6 5.O-O g6 6.d3 h6 7.Nd5 Bg7 8.Be3 Nf6
9.Qc1 Be6 10.Nxf6+ Qxf6 11.Nd2 O-O 12.Nb1 Nd4 13.Nc3 Qh4 14.Qd2 Rae8 15.Bxd4 cxd4
16.Nd5 h5 17.Qb4 Qg5 18.Kh1 h4 19.h3 Bxd5 20.Bxd5 Rc8 21.c4 dxc3 22.bxc3 Qe7
23.Rab1 Rc7 24.c4 Bh6 25.Qc3 b6 26.a4 Rc5 27.Rb5 Rfc8  1/2-1/2

[Event "IBM-B"]
[Site "Amsterdam"]
[Date "1978.??.??"]
[Round "12"]
[White "Christiansen, Larry Mark"]
[Black "Bohm, Hans"]
[Result "0-1"]
[WhiteElo "2490"]
[BlackElo "2410"]

1.e4 c6 2.d4 d5 3.exd5 cxd5 4.Bd3 Nc6 5.c3 g6 6.Nf3 Bf5 7.Bxf5 gxf5 8.c4 dxc4
9.d5 Qa5+ 10.Nc3 Rd8 11.O-O Nf6 12.Bd2 Nxd5 13.Qe2 Rg8 14.Rad1 Qc5 15.Nxd5 Qxd5
16.Be3 Qe4 17.Rxd8+ Nxd8 18.Rd1 Nc6 19.Kf1 f6 20.Qd2 Kf7 21.Qd5+ Qxd5 22.Rxd5 Ke6
23.Rc5 Rg4 24.g3 Re4 25.Nd2 Re5 26.Rxc4 Ra5 27.a4 Kf7 28.Nb3 Rd5 29.Nd4 Nxd4
30.Bxd4 a6 31.Bb6 Rd7 32.Ke2 e5 33.Rc8 Bb4 34.Be3 Ke6 35.h4 Bd6 36.Bb6 f4
37.gxf4 exf4 38.Bc5 Be5 39.b4 Kf5 40.Rg8 Ke4 41.f3+ Kd5 42.h5 Ke6 43.h6 f5
44.Re8+ Kf6 45.Rf8+ Kg6 46.a5 Bf6 47.Bf2 Bg5 48.Rc8 Kxh6 49.b5 axb5 50.Rc5 Re7+
51.Kf1 Kg6 52.Rxb5 Bf6 53.Rb6 Kg5 54.a6 bxa6 55.Rxa6 Rc7 56.Re6 Rc1+ 57.Kg2 Rc2
58.Kf1 h6 59.Re8 Bb2 60.Bb6 Bf6 61.Bf2 Rd2 62.Be1 Rd5 63.Kg2 Bd4 64.Re2 Be3
65.Kh3 Rd1 66.Kg2 Kg6 67.Bb4 Kf7 68.Rc2 Rg1+ 69.Kh2 Rg3 70.Be1 Rg1 71.Bb4 Rb1
72.Ba3 Rf1 73.Kg2 Rg1+ 74.Kh2 Rg3 75.Rc6 Rxf3 76.Rxh6 Rf2+ 77.Kh3 Ra2 78.Bd6 Ra6
79.Rh7+ Ke6 80.Bb8 Ra8 81.Rh8 Kd5 82.Re8 Kc4 83.Rd8 f3 84.Rf8 f4  0-1

[Event "IBM-B"]
[Site "Amsterdam"]
[Date "1978.??.??"]
[Round "13"]
[White "Jussupow, Artur"]
[Black "Christiansen, Larry Mark"]
[Result "1/2-1/2"]
[WhiteElo "2450"]
[BlackElo "2490"]

1.c4 Nf6 2.g3 e5 3.Bg2 c6 4.d4 exd4 5.Qxd4 d5 6.Nc3 Be6 7.Bg5 Be7 8.cxd5 cxd5
9.e3 Nc6 10.Qd2 Qa5 11.Nge2 O-O 12.O-O Rfd8 13.Rfd1 Qa6 14.Qd3 Qb6 15.Qb5 Qxb5
16.Nxb5 h6 17.Bxf6 Bxf6 18.Nc7 Rab8 19.Rd2 Ne5 20.Nxd5 Kf8 21.Rc1  1/2-1/2

[Event "Lone Pine op"]
[Site "Lone Pine"]
[Date "1978.??.??"]
[Round "2"]
[White "Van der Sterren, Paul"]
[Black "Christiansen, Larry Mark"]
[Result "1/2-1/2"]
[WhiteElo "2400"]
[BlackElo "2500"]

1.e4 d5 2.exd5 Nf6 3.d4 Nxd5 4.Nf3 Bf5 5.Bd3 Bxd3 6.Qxd3 e6 7.O-O Nd7 8.c4 N5f6
9.Nc3 Be7 10.Bf4 O-O 11.Rad1 c6 12.a3 a5 13.Qe2 Re8 14.Ne5 Nf8 15.Rd3 Qb6
16.Rfd1 Rad8 17.R1d2 Ng6 18.Nxg6 hxg6 19.Bg5 Qa6 20.Bxf6 Bxf6 21.b3 Qb6 22.Ne4 Be7
23.a4 Qb4 24.Qe3 f5 25.Ng5 e5 26.Ne6 exd4 27.Rxd4 Bc5 28.Nxc5 Rxe3 29.Rxd8+ Kh7
30.fxe3 Qxc5 31.R8d4 g5 32.Kf2 Qa3 33.R4d3 g4 34.g3 Qc1 35.Rd1 Qb2+ 36.R1d2 Qe5
37.Rd4 c5 38.R4d3 Qe4 39.Kg1 b6 40.Rd1 g6  1/2-1/2

[Event "Lone Pine op"]
[Site "Lone Pine"]
[Date "1978.??.??"]
[Round "3"]
[White "Christiansen, Larry Mark"]
[Black "Henley, Ron W"]
[Result "1/2-1/2"]
[WhiteElo "2500"]
[BlackElo "2340"]

1.c4 Nf6 2.Nc3 e5 3.Nf3 d6 4.d4 exd4 5.Nxd4 g6 6.g3 Bg7 7.Bg2 O-O 8.O-O Nbd7
9.b3 Re8 10.Bb2 c6 11.Rb1 a5 12.e3 Nc5 13.a3 Qb6 14.Ba1 Ng4 15.h3 Nxe3 16.fxe3 Rxe3
17.Kh2 Rd3 18.Qe2 Qd8 19.Ne4 Bxd4 20.Nxc5 Re3 21.Qf2 dxc5 22.Qxf7+ Kh8 23.Rbd1 Be6
24.Qxb7 Rc8 25.Rf4 Qg5 26.Rg4 Bxg4 27.Rxd4 cxd4 28.Bxd4+ Re5 29.hxg4 Rd8
30.Bxe5+ Qxe5 31.Qxc6 Rd3 32.Qa8+ Kg7 33.Qa7+ Kh6 34.Qf2 Kg5 35.b4 a4 36.c5 Rxa3
37.b5 Rb3 38.b6 a3 39.c6 a2 40.c7 Rxg3 41.Qxg3 Qxg3+ 42.Kxg3 a1=Q 43.c8=Q Qe5+
44.Kf3 Qf6+ 45.Ke2 Qb2+ 46.Kf1 Qb1+ 47.Kf2 Qxb6+ 48.Kg3 Qd6+ 49.Kh3 Qd3+
50.Kh2  1/2-1/2

[Event "Lone Pine op"]
[Site "Lone Pine"]
[Date "1978.??.??"]
[Round "4"]
[White "Bohm, Hans"]
[Black "Christiansen, Larry Mark"]
[Result "1-0"]
[WhiteElo "2410"]
[BlackElo "2500"]

1.e4 c5 2.c4 Nc6 3.Nc3 g6 4.g3 Bg7 5.Bg2 e6 6.Nge2 Nge7 7.O-O O-O 8.a3 b6
9.Rb1 Bb7 10.d3 d6 11.b4 Qd7 12.Bg5 h6 13.Bd2 Nd4 14.Re1 Rac8 15.Nxd4 cxd4
16.Ne2 b5 17.cxb5 Qxb5 18.Qb3 Ba6 19.Nf4 g5 20.a4 Qe5 21.Nh5 Bh8 22.Qd1 d5
23.exd5 Qf5 24.g4 Qg6 25.d6 Nd5 26.Be4 f5 27.Bxd5 exd5 28.b5 fxg4 29.Ng3 Bb7
30.d7 Rcd8 31.Qxg4 Qf7 32.f4 Rxd7 33.Rf1 Rdd8 34.fxg5 Qg6 35.Nf5 Kh7 36.Ne7 Qxd3
37.g6+ Kg7 38.Bxh6+  1-0